Marketingový a obchodný manažment v ére nového marketingu zborník vedeckých statí z medzinárodnej konferencie mladých vedeckých pracovníkov : Bratislava, november 2005
Salvato in:
| Enti autori: | , |
|---|---|
| Altri autori: | |
| Natura: | Libro |
| Lingua: | slovacco ceco |
| Pubblicazione: |
Bratislava
Vydavateľstvo EKONÓM
2005
|
| Soggetti: | |
| Tags: |
Nessun Tag, puoi essere il primo ad aggiungerne!!
|
MARC
| LEADER | 00000nam a2200000 4500 | ||
|---|---|---|---|
| 001 | 0126995 | ||
| 005 | 20240104134433.7 | ||
| 020 | |a 80-225-2127-2 | ||
| 041 | 0 | |a slo | |
| 041 | 0 | |a cze | |
| 044 | |a SK | ||
| 245 | 1 | 0 | |a Marketingový a obchodný manažment v ére nového marketingu |b zborník vedeckých statí z medzinárodnej konferencie mladých vedeckých pracovníkov : Bratislava, november 2005 |c zborník zostavil Adrián Pavlík |
| 264 | 1 | |a Bratislava |b Vydavateľstvo EKONÓM |c 2005 | |
| 300 | |a 197 s. | ||
| 610 | 2 | 0 | |a marketing |
| 610 | 2 | 0 | |a marketing manažment |
| 610 | 2 | 0 | |a manažment |
| 610 | 2 | 0 | |a obchod |
| 700 | 1 | |a Pavlík, Adrián | |
| 110 | 2 | |a Marketingový a obchodný manažment v ére nového marketingu. Medzinárodná konferencia | |
| 710 | 2 | |a Ekonomická univerzita v Bratislave. Obchodná fakulta | |